00570nam a2200181 a 4500008004100000020001800041050001900059100001700078245007100095250001200166260004500178300002000223650004500243650001700288650002900305650002900334700002500363130409s2006 ||||||||||||||||| || u a9781401898205 aTK 5103.12 Ste aBaxter, Les 10aPremises cabling. (3rd ed.)cby Donald J. Sterling and Les Baxter a3rd ed. aNew York:bThomson Delmar Learningc2006 axv, 320p.: ill. aCOMMERCIAL BUILDINGS--ELECTRIC EQUIPMENT aFiber optics aTELECOMMUNICATION CABLES aTELECOMMUNICATION WIRING aSterling, Donald J.